[Event "Plzen Calliditas op"]
[Site "Plzen"]
[Date "2020.08.23"]
[Round "1"]
[White "Hoerhold, Karola"]
[Black "Haba, Zdenek"]
[Result "0-1"]
[WhiteElo "1725"]
[BlackElo "2163"]
[PlyCount "60"]
[EventDate "2020.08.23"]
[EventType "swiss"]
[EventRounds "9"]
[EventCountry "CZE"]
[SourceTitle "CBM 198 Extra"]
[Source "ChessBase"]
[SourceDate "2020.11.30"]
[SourceVersion "1"]
[SourceVersionDate "2020.11.30"]
[SourceQuality "1"]

1. e4 c5 2. Nf3 e6 3. d4 cxd4 4. Nxd4 a6 5. Nc3 b5 6. Bd3 Bc5 7. Be3 Qb6 8. Nce2 Nc6 9. c3 e5 10. Nf5 Bxe3 11. Nxe3 Nf6 12. Nd5 Nxd5 13. exd5 Ne7 14. d6 Qxd6 15. Qc2 Bb7 16. 0-0-0 Qe6 17. Be4 d5 18. Bf3 e4 19. Nd4 Qh6+ 20. Kb1 exf3 21. Rhe1 Bc8 22. Qb3 Qd6 23. Nxf3 0-0 24. Nd4 Nf5 25. Nf3 Be6 26. Ng5 h6 27. Nxe6 fxe6 28. g3 Kh8 29. f4 Qb6 30. Qc2 b4 0-1

[Event "Hessen-chB"]
[Site "Frankfurt"]
[Date "2019.06.01"]
[Round "5"]
[White "Elpelt, Frank"]
[Black "Hoerhold, Karola"]
[Result "1/2-1/2"]
[WhiteElo "1572"]
[BlackElo "1727"]
[PlyCount "74"]
[EventDate "2019.05.30"]
[EventType "swiss"]
[EventRounds "7"]
[EventCountry "GER"]
[SourceTitle "EXT 2020"]
[Source "ChessBase"]
[SourceDate "2019.10.17"]
[SourceVersion "1"]
[SourceVersionDate "2019.10.17"]
[SourceQuality "1"]

1. e4 e5 2. Nf3 Nc6 3. Bb5 a6 4. Bxc6 dxc6 5. 0-0 Bg4 6. h3 Bh5 7. d3 Bd6 8. Be3 Ne7 9. Nbd2 f5 10. exf5 Nxf5 11. Nc4 Nxe3 12. Nxd6+ cxd6 13. fxe3 0-0 14. Qd2 Qe7 15. Rf2 Bxf3 16. Rxf3 Rxf3 17. gxf3 Qg5+ 18. Kh2 Rf8 19. Qf2 Qf5 20. Rf1 Qe6 21. b3 Rf6 22. Rg1 Qf7 23. Rf1 d5 24. Qg3 Qe7 25. a4 Rg6 26. Qf2 Qd6 27. f4 Rf6 28. Qh4 exf4 29. Rxf4 Rh6 30. Qg4 Qb8 31. Kh1 Qe8 32. e4 Re6 33. Qf3 dxe4 34. Rxe4 Rxe4 35. dxe4 Qf7 36. Qd3 g6 37. Kg2 Kg7 1/2-1/2

[Event "Karl Mala Memorial op 15th"]
[Site "Frankfurt"]
[Date "2012.07.05"]
[Round "1"]
[White "Hoerhold, Karola"]
[Black "Krasnopeyeva, Julia"]
[Result "0-1"]
[WhiteElo "1380"]
[BlackElo "1967"]
[PlyCount "38"]
[EventDate "2012.07.05"]
[EventType "swiss"]
[EventRounds "7"]
[EventCountry "GER"]
[SourceTitle "CBM 149 Extra"]
[Source "ChessBase"]
[SourceDate "2012.08.24"]
[SourceVersion "1"]
[SourceVersionDate "2012.08.24"]
[SourceQuality "1"]

1. d4 Nf6 2. Nc3 d5 3. e4 dxe4 4. f3 exf3 5. Nxf3 Bg4 6. Bd3 e6 7. Be3 Nc6 8. Bb5 Qd6 9. a3 0-0-0 10. 0-0 Bxf3 11. Qxf3 Nxd4 12. Bxd4 Qxd4+ 13. Kh1 Bd6 14. Ne2 Qe5 15. Ng3 Qxb5 16. b4 h5 17. h4 Qc4 18. Nf5 exf5 19. Qxf5+ Kb8 0-1